Chuyện kể Bác Hồ với nông dân
Gespeichert in:
| 1. Verfasser: | |
|---|---|
| Format: | Buch |
| Sprache: | Undetermined |
| Veröffentlicht: |
Hà Nội
Hồng Bàng
2012
|
| Schlagworte: | |
| Tags: |
Tag hinzufügen
Keine Tags, Fügen Sie den ersten Tag hinzu!
|
| Thư viện lưu trữ: | Trung tâm Học liệu Trường Đại học Cần Thơ |
|---|
| LEADER | 00636nam a2200205Ia 4500 | ||
|---|---|---|---|
| 001 | CTU_180529 | ||
| 008 | 210402s9999 xx 000 0 und d | ||
| 020 | |c 48000 | ||
| 082 | |a 305.5633 | ||
| 082 | |b L105 | ||
| 100 | |a Lường, Thị Lan | ||
| 245 | 0 | |a Chuyện kể Bác Hồ với nông dân | |
| 245 | 0 | |c Lưòng Thị LAn (sưu tầm, biên soạn) | |
| 260 | |a Hà Nội | ||
| 260 | |b Hồng Bàng | ||
| 260 | |c 2012 | ||
| 650 | |a Presidents Ho Chi Minh,Chủ tịch Hồ Chí Minh | ||
| 650 | |x Tiểu sử | ||
| 910 | |a Nguyên | ||
| 980 | |a Trung tâm Học liệu Trường Đại học Cần Thơ | ||